El ser y la nada : ensayo de ontología fenomenológica /
Guardado en:
| Autor principal: | |
|---|---|
| Formato: | Libro |
| Idioma: | Español |
| Publicado: |
Buenos Aires, Argentina :
Losada,
1966
|
| Edición: | 6a edición |
| Colección: | (Biblioteca Filosófica Losada)
|
| Temas: | |
| Etiquetas: |
Sin etiquetas, Sé el primero en etiquetar este registro!
|
MARC
| LEADER | 00000nam^a2200000^a^4500 | ||
|---|---|---|---|
| 001 | 000397506 | ||
| 005 | 20250521000000.0 | ||
| 009 | 20260310121458.935 | ||
| 037 | |a Acervo ITESO - Biblioteca | ||
| 041 | |a ESP | ||
| 082 | |a 142. 78 |b SAR OBR SER | ||
| 100 | |a Sartre, Jean-Paul |e (autor) | ||
| 240 | 1 | 4 | |a [El ser y la nada: ensayo de ontología fenomenológica] |
| 245 | 1 | 3 | |a El ser y la nada : |b ensayo de ontología fenomenológica / |c J.P. Sartre ; tr. por Juan Valmar. |
| 250 | |a 6a edición | ||
| 264 | 1 | |a Buenos Aires, Argentina : |b Losada, |c 1966 | |
| 300 | |a 776 p. | ||
| 336 | |a texto |b txt |2 rdacontenido | ||
| 337 | |a sin mediación |b n |2 rdamedio | ||
| 338 | |a volumen |b nc |2 rdasoporte | ||
| 440 | 1 | |a (Biblioteca Filosófica Losada) | |
| 500 | |a Traducción de: L'être et le néant: essai d'ontologie phénoménologique | ||
| 545 | 0 | |a Jean-Paul Sartre (1905-1980) fue el líder indiscutible del existencialismo. Sin embargo, su notoriedad no viene sólo de su pensamiento filosófico, sino también de su incursión en la literatura, aunque en ésta, evidentemente, también expresa su visión existencialista. Algunas de sus obras son: La imaginación; La náusea; El muro; Lo imaginario; Las moscas; El ser y la nada; La edad de la razón; Los caminos de la libertad; Las manos sucias; Crítica de la razón dialéctica; El diablo y Dios; Las palabras. Obtuvo el Premio Nobel de Literatura en 1964, pero lo rechazó. | |
| 562 | |a Impresión deficiente: pp. 10-11, 14-15, 18-19, 22-23, 26-27, 30-31 | ||
| 586 | |a Premio Nobel de Literatura 1964 (rechazado por el autor) | ||
| 649 | |a XX | ||
| 650 | |a Libre Albedrío | ||
| 650 | |a Toma de Decisiones | ||
| 650 | |a Libertad | ||
| 650 | |a Ser (Filosofía) | ||
| 650 | |a Nada (Filosofía) | ||
| 650 | |a Ontología - |x Tema Principal | ||
| 650 | |a Metafísica | ||
| 650 | |a Fenomenología | ||
| 650 | |a Existencialismo Ateo - |x Tema Principal | ||
| 650 | |a Filosofía del Siglo XX | ||
| 650 | |a Filosofía Francesa | ||
| 910 | |a Fondo Armando Suárez Gómez | ||
| 920 | |a Impresos - Libros | ||
| 930 | |a Fondos Especiales | ||
| 905 | |a 111 | ||
| 901 | |a 0700000724 |b IT2 |c ESP |u 20250521 | ||
| 902 | |a https://opac.biblio.iteso.mx/vufind/Record/000397506 | ||